| 000 | 00669nam a2200241 a 4500 | ||
|---|---|---|---|
| 001 | BRL_1428 | ||
| 005 | 20190320211211.0 | ||
| 008 | 140114c1985----uk-abo####---#000-0#eng-# | ||
| 020 | _a0852637691 | ||
| 041 | _aeng | ||
| 044 | _aUk | ||
| 050 | 4 |
_aTT848 _b.H52 1985 |
|
| 100 | 1 |
_aHitchcock, Michael _926875 |
|
| 245 | 1 | 0 |
_aIndonesian textile techniques _cMichael Hitchcock. |
| 260 |
_aAylesbury, Bucks, UK _bShire Publications _c1985 |
||
| 300 |
_a56 p. _bil., mapas _c21 cm. |
||
| 440 | 0 |
_aShire Ethnography _v1 _926876 |
|
| 500 | _aAu1672 | ||
| 504 | _aBibliografía: p. 54-55. | ||
| 650 | 1 | 4 |
_aTejido a mano _zIndonesia _926877 |
| 902 | _aGRL | ||
| 942 |
_2lcc _cB |
||
| 999 |
_c10238 _d10238 |
||